000
00284nam a2200133Ia 4500
100
_a
Holzner/S
942
_c
BK
654
_a
C Programming
245
_a
C Programming
260
_b
Prentice Hall of India
_a
NEW DELHI
_c
1992
300
_a
573
546
_a
ENGLISH
999
_c
30959
_d
30959